|
|
|
|
| LEADER |
00000naa2a2200000 4500 |
| 001 |
603205 |
| 005 |
20260226141243.0 |
| 035 |
|
|
|a (RuTPU)RU\TPU\conf\354
|
| 035 |
|
|
|a RU\TPU\conf\351
|
| 090 |
|
|
|a 603205
|
| 100 |
|
|
|a 20131219d2013 k y0rusy50 ca
|
| 101 |
0 |
|
|a rus
|
| 102 |
|
|
|a RU
|
| 135 |
|
|
|a drnn ---uucaa
|
| 181 |
|
0 |
|a i
|
| 182 |
|
0 |
|a b
|
| 200 |
1 |
|
|a Эффективное планирование энергоресурсов промышленного предприятия
|f Н. В. Туралина
|g науч. рук. Е. В. Молнина
|
| 203 |
|
|
|a Текст
|c электронный
|
| 225 |
1 |
|
|a Концепции управления в современной экономике
|
| 300 |
|
|
|a Заглавие с титульного экрана
|
| 320 |
|
|
|a [Библиогр.: с. 138 (3 назв.)]
|
| 337 |
|
|
|a Adobe Reader
|
| 461 |
|
1 |
|0 (RuTPU)RU\TPU\conf\171
|t Ресурсоэффективные системы в управлении и контроле: взгляд в будущее
|o сборник научных трудов II Международной конференции школьников, студентов, аспирантов, молодых ученых, 08 - 12 октября 2013 г.
|o в 4 ч.
|f Национальный исследовательский Томский политехнический университет (ТПУ)
|d 2013
|
| 463 |
|
1 |
|0 (RuTPU)RU\TPU\conf\317
|t Ч. 4
|v [С. 136-138]
|d 2013
|
| 610 |
1 |
|
|a труды учёных ТПУ
|
| 610 |
1 |
|
|a электронный ресурс
|
| 610 |
1 |
|
|a эффективное развитие
|
| 610 |
1 |
|
|a планирование
|
| 610 |
1 |
|
|a энергоресурсы
|
| 610 |
1 |
|
|a промышленное предприятие
|
| 700 |
|
1 |
|a Туралина
|b Н. В.
|
| 702 |
|
1 |
|a Молнина
|b Е. В.
|c российский учёный в области информационных систем
|c старший преподаватель Юргинского технологического института (филиал) Томского политехнического университета
|g Елена Владимировна
|4 727
|
| 712 |
0 |
2 |
|a Национальный исследовательский Томский политехнический университет (ТПУ)
|b Юргинский технологический институт (филиал) (ЮТИ)
|b Кафедра информационных систем (ИС)
|3 (RuTPU)RU\TPU\col\18893
|
| 801 |
|
2 |
|a RU
|b 63413507
|c 20131219
|g RCR
|
| 856 |
4 |
|
|u http://www.lib.tpu.ru/fulltext/c/2013/C47/V4/052.pdf
|
| 942 |
|
|
|c BK
|